Tělesnost je boží dar : bakalářská práce / Jiří Kubeš ; vedoucí práce Michal Pařízek
V své práci se snažím uchopit téma těla a tělesnosti jako daru v křesťanském myšlení. Samotná práce se tak bude ve své první kapitole ubírat od základního představení polarit duše a těla, svátostnosti těla a pojetí těla jako stvořeného podle obrazu Božího. Díky tomuto přestavení tak čtenář bude moci nahlédnout do svátostné duální jednoty v člověku, do jednoty těla a duše, která je Bohem chtěná a žádaná a která je u Boha věčná. Druhá kapitola, v návaznosti na představení těla jako neodmyslitelné složky člověka, rozvede danou tematiku stvořenosti těla do větší hloubky, a to až k pojetí stvořeného těla jako daru. Práce poukáže na významové pojetí daru v křesťanském myšlení. Charakter a smysl daru pak práce rozvede ve své třetí kapitole, stávající se konsensem kapitol předchozích, a to tak, že k lidské tělesnosti a tělu přistoupí skrze jeden jediný vzor, kterým je tělo Kristovo. Na Kristově těle pak práce ukáže, že po vzoru Krista a církve, z tohoto těla vycházející, je člověk ve svém těle povolán na stejnou cestu, tedy na cestu korespondující s cestou Ježíše Krista.
Record details
- Physical Description: 42 stran ; 31 cm
Content descriptions
| Dissertation Note: | Bakalářská práce (Bc.), Univerzita Karlova, ETF, 2019 |
| Bibliography, etc. Note: | Obsahuje bibliografii |
Search for related items by subject
| Genre: | bakalářská práce |
Available copies
- 1 of 1 copy available at Common Catalog SPOK.
Holds
- 0 current holds with 1 total copy.
Show All Copies
| Location | Call Number / Copy Notes | Barcode | Shelving Location | Status | Due Date |
|---|---|---|---|---|---|
| Jabok Library | ABP-2551 | 424480046588 | Absolventské práce | Reference | - |
Electronic resources
Version of Resource: Plný text
| LDR | ntm a22 i 4500 | ||
|---|---|---|---|
| 001 | 57949 | ||
| 003 | CZ-PrJAB | ||
| 005 | 20241003115835.0 | ||
| 007 | ta | ||
| 008 | 241003s2019 xr e 000 0 cze | ||
| 040 | . | ‡aABG312 ‡bcze ‡erda | |
| 041 | 0 | . | ‡acze ‡beng |
| 072 | 7. | ‡a27 ‡xKřesťanství. Křesťanská církev všeobecně. Eklesiologie ‡2Konspekt ‡95 | |
| 100 | 1 | . | ‡aKubeš, Jiří ‡4aut |
| 245 | 1 | 0. | ‡aTělesnost je boží dar : ‡bbakalářská práce / ‡cJiří Kubeš ; vedoucí práce Michal Pařízek |
| 264 | 0. | ‡c2019 | |
| 300 | . | ‡a42 stran ; ‡c31 cm | |
| 336 | . | ‡atext ‡btxt ‡2rdacontent | |
| 337 | . | ‡abez média ‡bn ‡2rdamedia | |
| 338 | . | ‡asvazek ‡bnc ‡2rdacarrier | |
| 502 | . | ‡aBakalářská práce (Bc.), Univerzita Karlova, ETF, 2019 | |
| 504 | . | ‡aObsahuje bibliografii | |
| 520 | 3 | . | ‡aV své práci se snažím uchopit téma těla a tělesnosti jako daru v křesťanském myšlení. Samotná práce se tak bude ve své první kapitole ubírat od základního představení polarit duše a těla, svátostnosti těla a pojetí těla jako stvořeného podle obrazu Božího. Díky tomuto přestavení tak čtenář bude moci nahlédnout do svátostné duální jednoty v člověku, do jednoty těla a duše, která je Bohem chtěná a žádaná a která je u Boha věčná. Druhá kapitola, v návaznosti na představení těla jako neodmyslitelné složky člověka, rozvede danou tematiku stvořenosti těla do větší hloubky, a to až k pojetí stvořeného těla jako daru. Práce poukáže na významové pojetí daru v křesťanském myšlení. Charakter a smysl daru pak práce rozvede ve své třetí kapitole, stávající se konsensem kapitol předchozích, a to tak, že k lidské tělesnosti a tělu přistoupí skrze jeden jediný vzor, kterým je tělo Kristovo. Na Kristově těle pak práce ukáže, že po vzoru Krista a církve, z tohoto těla vycházející, je člověk ve svém těle povolán na stejnou cestu, tedy na cestu korespondující s cestou Ježíše Krista. |
| 653 | 0 | . | ‡atělesnnost ‡atrojice ‡acírkev |
| 653 | 0 | . | ‡atělo ‡aKristus |
| 655 | 7. | ‡abakalářská práce ‡7ph114112 ‡2czenas | |
| 700 | 1 | . | ‡aPařízek, Michal ‡4ths |
| 710 | 2 | . | ‡aUniverzita Karlova. Evangelická teologická fakulta |
| 856 | 4 | 1. | ‡uhttps://is.jabok.cz/th/v8r9z/BC_ETF_final.pdf ‡yPlný text |
| 910 | . | ‡aABG312 | |
| 901 | . | ‡a57949 ‡bAUTOGEN ‡c57949 ‡tbiblio | |